Responses for show #336 - Monday, December 23, 1985

Contestants

Andrea Ladik, a theatrical production manager from New York City, New York

Duane Lyons, a law student originally from New York City, New York

John Schroth, a sales manager from Upland, California (whose 1-day cash winnings total $10,001)

Jeopardy! Round responses

WORLD CAPITALS
GAMES
DOGS
TABLE MANNERS
BOOKS & AUTHORS
"ROCKY"S
    $100 1
Rome

John
    $100 8
backgammon

Andrea
    $100 23
greyhounds

Andrea
    $100 18
potatoes

John
    $100 15
publishers

Duane
    $100 3
rocky road

John
    $200 2
Port-au-Prince

Duane
    $200 9
6

John
    $200 24
the sea

John
    $200 20
wine

John
    $200 16
Agatha Christie

Duane
    $200 4
Rocky Balboa

Andrea
    $300 10
Cairo

John
    $300 12
checkers

Andrea
    $300 25
heel

Duane
    $300 21
(John: What is a fork?)

spoon

John
Triple Stumper
    $300 17
(Duane: What is Jim?)

Huckleberry Finn

Duane
Triple Stumper
    $500 5
Rocky Horror (Picture) Show

Andrea
    $400 11
(Duane: What is Jakarta?)

Bogota

DuaneAndrea
    $400 13
charades

John
    $400 22
Her Majesty the Queen

Triple Stumper
    $400 26
Beat movement (Generation)

Triple Stumper
    $400 6
Rocket J. Squirrel (Rocky the Flying Squirrel)

Andrea
    $500 19
Caracas

Andrea
    $500 14
2, 3, & 12

Duane
    $500 7
Rocky Raccoon

Andrea

Scores at the first commercial break (after clue 10):

John Duane Andrea
$700 $200 $1,700

Scores at the end of the Jeopardy! Round:

John Duane Andrea
$1,300 $600 $3,000

Double Jeopardy! Round responses

THE CIVIL WAR
TV CRIME STOPPERS
HODGEPODGE
OPERA
PREHISTORIC TIMES
TAKE A BATH
    $200 7
pup tents

Duane
    $200 1
Ian Fleming

Andrea
    $200 16
(John: Uh...)
[John's clenched fist banged on the podium as he could not come up with the name]
(Alex: And we just had two brief and rather interesting problems. That answer should have read October of 1938, not September and I think the Martians got all upset with us and cut off all our power to the monitors for just a moment or two, but everything is all right now.)

Orson Welles

JohnDuane
    $200 21
(Andrea: What are cigars?)

cigarettes

Andrea
Triple Stumper
    $200 6
Dial

Duane
    $400 8
(Stonewall) Jackson

John
    $400 2
ChiPs

John
    $400 17
(Andrea: What is green?)

purple (purple-brown, shade of red)

JohnAndrea
    $400 22
The Flying Dutchman

Triple Stumper
    $400 12
(Duane: What are tiles?)

appliques

Duane
Triple Stumper
    $600 9
West Virginia

John
    $1,500 3
(Jaclyn) Smith

John
    $600 18
Africa & Asia

Triple Stumper
    $600 23
The Merry Widow

Andrea
    $1,000 13
(John: What is a chenille?)
(Alex: New to you?)
(John: New to me.)
[Laughter]

loofah

John
    $800 10
Tar Heels

Andrea
    $800 4
Richard Diamond

Andrea
    $800 19
(Duane: What are shorts?)
(John: What are 20 minutes?)

two-reelers

JohnDuaneAndrea
    $800 14
(John: [Selecting the clue] Since I just took one, let's try...)

Benjamin Franklin

John
    $1000 11
Mississippi

John
    $1000 5
(John: Who is the queen?)
(Andrea: Who is the law?)

his wife (Hilda)

JohnAndrea
Triple Stumper
    $1000 20
(Duane: What are the stocks?)
...
(Alex: The stocks didn't take the head. That's the explanation on that one.)

pillory

Duane
Triple Stumper
    $1000 15
(John: What is a spa?)

sitz bath

JohnAndrea

Scores at the end of the Double Jeopardy! Round:

John Duane Andrea
$2,400 -$1,000 $5,600
(lock game)

[wagering suggestions for these scores]

Final Jeopardy! Round responses

THE FLAG
JohnWhat is The United Nations
$2,400
AndreaWhat is an embassy?
$600
The United Nations

Final scores:

John Duane Andrea
$4,800 -$1,000 $5,000
2nd place: trip to St. Thomas 3rd place: General Electric video cassette recorder New champion: $5,000

Game dynamics:

Coryat scores:

John Duane Andrea
$2,500 -$1,000 $5,400
15 R
(including 1 DD),
6 W
(including 1 DD)
8 R,
5 W
15 R
(including 1 DD),
3 W

Combined Coryat: $6,900

The J! Archive is created by fans, for fans. The Jeopardy! game show and all elements thereof, including but not limited to copyright and trademark thereto, are the property of Jeopardy Productions, Inc. and are protected under law. This website is not affiliated with, sponsored by, or operated by Jeopardy Productions, Inc. Join the discussion at JBoard.tv.